00294nam a22000977a 4500082002100000100003000021245004700051260003700098300002400135526003700159 a981.4381bNAJcD aNajam nawaz Khan, Lt Col aروداد دلcNajam nawaz Khan, Lt Col apakistanbNajiha publisherc2005 a187 p.bill.c24 cm a0b0c0d981_438100000000000_NAJ